000
00341 a2200157 4500
001
74877
020
_a
9788586551277
040
_c
Anchieta - Colégio São Paulo
100
_a
Maciel, paulo
240
1
0
_a
João de Gilu
_l
por
245
1
0
_a
João de Gilu
300
_a
260
362
0
_a
2007
650
4
_a
Ficção brasileira
942
_c
BK
999
_c
74877
_d
74877